Biology of the Rhodophyta / (Record no. 141328)
[ view plain ]
| 000 -LEADER | |
|---|---|
| fixed length control field | 00892cam2a220027700 4500 |
| 001 - CONTROL NUMBER | |
| control field | qce01708938 |
| 005 - DATE AND TIME OF LATEST TRANSACTION | |
| control field | 20190823085119.0 |
| 008 - FIXED-LENGTH DATA ELEMENTS--GENERAL INFORMATION | |
| fixed length control field | 741010s1973 stka b 001 0 eng |
| 010 ## - LIBRARY OF CONGRESS CONTROL NUMBER | |
| LC control number | 74183133 //r883 |
| 020 ## - INTERNATIONAL STANDARD BOOK NUMBER | |
| International Standard Book Number | 005002485X |
| 035 ## - SYSTEM CONTROL NUMBER | |
| System control number | (Sirsi) r54931 |
| 035 ## - SYSTEM CONTROL NUMBER | |
| System control number | (QCAT)lss00609137 |
| 035 ## - SYSTEM CONTROL NUMBER | |
| System control number | (UPRA)qce01708938 |
| 040 ## - CATALOGING SOURCE | |
| Modifying agency | UPRA |
| 082 ## - DEWEY DECIMAL CLASSIFICATION NUMBER | |
| Classification number | 589/.41 |
| 100 1# - MAIN ENTRY--PERSONAL NAME | |
| Personal name | Dixon, Peter S. (Peter Stanley) |
| Fuller form of name | Dixon, Peter S. (Peter Stanley) |
| Linkage | A13768.1 |
| 245 10 - TITLE STATEMENT | |
| Title | Biology of the Rhodophyta / |
| Statement of responsibility, etc. | by Peter S. Dixon. |
| 260 ## - PUBLICATION, DISTRIBUTION, ETC. | |
| Place of publication, distribution, etc. | Edinburgh : |
| Name of publisher, distributor, etc. | Oliver & Boyd, |
| Date of publication, distribution, etc. | 1973. |
| 490 0# - SERIES STATEMENT | |
| Series statement | University reviews in botany ; |
| Volume/sequential designation | 4 |
| Linkage | S3265.1 |
| 500 ## - GENERAL NOTE | |
| General note | Includes index. |
| 504 ## - BIBLIOGRAPHY, ETC. NOTE | |
| Bibliography, etc. note | Bibliography: p. 253-280. |
| 650 #0 - SUBJECT ADDED ENTRY--TOPICAL TERM | |
| Topical term or geographic name entry element | Red algae. |
| Linkage | S9403.1 |
| 949 ## - LOCAL PROCESSING INFORMATION (OCLC) | |
| a | QK569 |
| w | lcc |
| i | 33729005805432 |
| m | MAIN |
| t | BOOK |
| l | ON-SHELF |
| 949 ## - LOCAL PROCESSING INFORMATION (OCLC) | |
| a | QK569 |
| w | lcc |
| i | 33729005806133 |
| m | MAIN |
| t | BOOK |
| l | ON-SHELF |
No items available.